000 00694nam a2200193 a 4500
001 000039327
005 20201002031610.0
008 130621s1983 sp 000 0 spa d
020 _a8400035747(v.11)
020 _a8400056973(v.13)
020 _a840005864x(v. 14)
100 1 _aSimón Díaz, José
_961804
245 1 0 _aBibliografía de la literatura hispánica /
_cJosé Simón Díaz.
260 _aMadrid :
_bConsejo Superior de Investigaciones Científicas :
_bInstituto de Filosofía "Luis Vives,",
_c1983.
300 _av. 13 :
_bfacsims ;
_c26 cm.
500 _aLa biblioteca posee el v. 11-13-14
_55
710 2 _aBibliografía de la literatura hispánica
_965524
999 _c38817
_d38817
040 _aDO-SdBNP